Colonialismo y neocolonialismo: situations, V

Gespeichert in:
Bibliographische Detailangaben
1. Verfasser: Sartre, Jean-Paul (VerfasserIn)
Format: Buch
Sprache:Spanisch
Veröffentlicht: Buenos Aires Losada 1968
Ausgabe:2a. ed
Schlagworte:
Tags: Tag hinzufügen
Keine Tags, Fügen Sie den ersten Tag hinzu!

MARC

LEADER 00000cam a2200000 a 4500
001 UCD2909
003 CL-VaPUC
008 160520e19680000ag |||||||||||||||||spa|d
082 0 4 |a 194  |b SAR  |2 21 
100 0 |a Sartre, Jean-Paul  |e author  |9 269377 
245 1 0 |a Colonialismo y neocolonialismo: situations, V 
250 |a 2a. ed 
300 |a 181 p 
942 |c BK 
945 |d 20160520 11:34:00  |a dcastane 
260 |a Buenos Aires  |b Losada  |c 1968 
650 7 |a NEOCOLONIALISMO  |2 CL-VaPUC  |9 439132 
650 0 |a Ensayos franceses  |9 265511 
650 0 |a Existencialismo  |9 265698 
583 |a last modification  |c 20160520 11:34:00  |k Rodrigo Vera 
999 |c 364018  |d 364016 
952 |0 0  |1 0  |3 erb  |4 0  |6 194_000000000000000_SAR_1968  |7 0  |8 A  |9 476926  |a FDOHBE  |b FDOHBE  |e Huesbe Llanos, Marco Antonio, 1934-  |i 5305020  |o 194 SAR 1968  |p 5305020  |r 2024-01-30  |w 2019-11-24  |y BK  |z Catalogado en:20160520  |k HBE